| 000 | 00647nam a2200217 a 4500 | ||
|---|---|---|---|
| 005 | 20140310183500.0 | ||
| 008 | 100304s19uu xx 00 eng d | ||
| 020 | _a9780750684644 | ||
| 050 |
_aRA 794 _b.C66 2008 |
||
| 100 | _aCohen, Marc | ||
| 245 |
_aUnderstanding the global spa industry : _bspa management / _cCohen, Marc, Bodeker, Gerard. |
||
| 260 |
_aAmsterdam : _bElsevier, _c2008. |
||
| 300 |
_a466 p. : _bill. ; _c24 cm. |
||
| 521 | _aBSBA | ||
| 650 |
_aSPA industry _xManagement. |
||
| 650 |
_aSPA _xEconomic aspects. |
||
| 650 | _aIndustrial management. | ||
| 700 | _aBodeker, Gerard | ||
| 942 |
_cBK _2lcc _kFOR |
||
| 999 |
_c23854 _d23854 |
||